Realisateur et studio et leur meilleur film - Statistiques

Statistiques générales
  • Ce quiz a été pris 13 fois
  • Le résultat moyen est 4 sur 15
Statistiques - réponses
Hint Réponse % Correct
Francis ford coppola Le parrain
64%
Christopher nolan The dark knight
64%
David fincher Fight club
55%
Ridley Scott Alien
36%
Alain chabat Astérix et Obélix Mission Cléopâtre
36%
Les freres russo Avengers infinity war
36%
Matthieu kassotvitz La haine
36%
Disney Le roi lion
27%
Steven Spielberg Ready player one
18%
Georges lucas Star wars 3 la revanche des sith
18%
James Cameron Terminator 2 le jugement dernier
18%
Tim burton Beetlejuice
9%
Dreamworks Le chat potte
9%
Illumination Comme des betes
0%
Pixar Ratatouille
0%
Aucun quiz correspondant
Distribution des résultats
% des personnes avec chaque résultat
Percentile par nombre de réponses
Votre historique - résultats
Vous n’avez pas pris ce quiz